• 首页
  • 本馆介绍
  • 公告通知
  • 最新文献
  • 馆藏检索
  • 电子资源
  • 读者导购
  • 参考咨询
  • 我的图书馆
  • 登录
  • 详细信息显示
  • 放入我的书架
  • 预约/预借图书
  • 作者相关作品
  • 分类相关作品
  • 丛书相关作品
  • 出版社相关作品

书目信息

  • 表格格式
  • 工作单格式
  • 卡片格式
题名:
北洋军阀统治时期史话
    
 
作者: 陶菊隐 著
分册: 第六册  
出版信息:   三联书店  1958.10
页数: 248页
开本: 20cm
丛书名:
单 册:
中图分类: K258.2
科图分类:
主题词: 中国--历史--1840~1949
电子资源:
ISBN:
000 00792nam0 2200205 45
001 0312221749
005 20060813152444.48
010    @dCNY0.45
091    @a11002.224
100    @a20031222d1958 km y0chiy0120 ea
101    @achi
200 1  @a北洋军阀统治时期史话@h第六册@ABei Yang Jun Fa Tong Zhi Shi Qi Shi Hua@f陶菊隐著@FTao Ju Yin Zhu@e"联省自治"运动和第一次奉直战争时期@h(1921.1-1923.6)@E"Lian Sheng Zi Zhi"Yun Dong He Di Yi Ci Feng Zhi Zhan Zheng Shi Qi
210    @c三联书店@d1958.10
215    @a248页@d20cm
517    @a"联省自治"运动和第一次奉直战争时期@A"Lian Sheng Zi Zhi"Yun Dong He Di Yi Ci Feng Zhi Zhan Zheng Shi Qi
606 0  @a中国@x历史@z1840~1949
690    @aK258.2@v3
701 0  @a陶菊隐@4著
801    @aCN@bTSTCL@c20060813
905    @dK258.2@e44:6@f1@b179720
    
    北洋军阀统治时期史话.第六册/陶菊隐著:"联省自治"运动和第一次奉直战争时期.(1921.1-1923.6).-三联书店,1958.10
    248页;20cm
    
    
    ISBN :CNY0.45
    
●
相关链接 在E读中查询图书 在五车中查询图书 在当当中查询图书 在豆瓣中查询图书


正题名:北洋军阀统治时期史话     索取号:K258.2/44:6         预约/预借

序号 登录号 条形码 馆藏地/架位号 状态 备注
1 0179720   001293905   第二借阅区/ [索取号:K258.2/44:6] 在馆    
2 0179721   001293861   第二样本阅览室/ [索取号:K258.2/44:6] 在馆    
3 0456391   204563917   密集书库/ [索取号:K258.2/44:6] 在馆    
4 0456392   204563926   密集书库/ [索取号:K258.2/44:6] 在馆    
唐山师范学院图书馆 欢迎您!
大连网信软件有限公司© 版权所有